| 000 | 00000nam##2200000za#4500 |
| 001 | 9.590521 |
| 003 | CaOODSP |
| 005 | 20210624200151 |
| 007 | cr ||||||||||| |
| 008 | 150406|1992||||xxc|||||o f|0| 0 eng|d |
| 040 | |aCaOODSP|beng |
| 041 | |aeng |
| 041 | |afre |
| 043 | |an-cn--- |
| 086 | 1 |aS52-2/213-1992-PDF |
| 110 | 1 |aCanada. |bPublic Works and Government Services Canada. |bTranslation Bureau. |
| 245 | 10|aSpace station glossary |h[electronic resource] |
| 260 | |aOttawa - Ontario : |bPublic Works and Government Services Canada. |cc1992. |
| 300 | |a143p. |
| 490 | 1 |aTerminology bulletin |vNo. 213 |
| 500 | |aDigitized edition from print. [Produced by Publishing and Depository Services, 2014.] Issued by Dept. of Secretary of State, Terminology and Linguistic Services Directorate. On t.p. : Spatial Terminology Standardization Committee. |
| 504 | |aBibliography. |
| 590 | |a14-22-Supp|b2014-12-24 |
| 776 | 0#|tLexique de la station spatiale |w(CaOODSP)9.520407 |
| 792 | |tLexique de la station spatial |efre|w(CaOODSP)9.590522 |
| 830 | #0|aTerminology bulletin ;|vNo. 213|w(CaOODSP)9.500139 |
| 856 | 40|ahttp://publications.gc.ca|qPDF|s1382 KB|uhttps://publications.gc.ca/collections/collection_2014/tpsgc-pwgsc/S52-2-213-1992.pdf|yNo. 213 |